Ч.1: История развития технических средств бурения шпуров и уборки породы; История технологии буровзрывных работ

Bibliografiske detaljer
Parent link:История технологии буровзрывных работ/ П. А. Лыхин. Ч.1: История развития технических средств бурения шпуров и уборки породы.— , 2011
Summary:В монографии излагаются основные этапы истории технологии буровзрывных работ, её основ, истории развития технических средств бурения и уборки породы. Наибольшее внимание при изложении этой части истории уделяется механическим способам бурения, получившим применение во второй половине XIX века, изменению стечением времени конструкции бурильных машин, кареток, манипуляторов и инструментов, которые производились фирмами различных стран, специализировавшихся на производстве горного оборудования и продолжающих выпускать более совершенные их типы. В книге анализируется влияние на прогресс в технологии изменения конструкции машин и инструментов, включая применение роботов, автоматов. Историю технологии бурения шпуров и скважин автор книги делит на четыре периода, различающихся по качественным и количественным их характеристикам. В разделах книги исследуются этапы дискретного изменения производительности бурения, уборки породы и прослеживаемая через все периоды тенденция облегчения труда бурильщика (оператора), производительность которого, как и проходчика горной выработки, тоннелестроителя, рабочего очистного забоя за 270-летнею историю технологии увеличилась в сотни раз. Монография рекомендуется историкам техники, разработчикам и конструкторам горной техники, специалистам горного машиностроения, горных предприятий и подземного строительства, полезна студентам горных, транспортных и машиностроительных институтов.
Sprog:russisk
Udgivet: 2011
Fag:
Format: MixedMaterials Bog
KOHA link:https://koha.lib.tpu.ru/cgi-bin/koha/opac-detail.pl?biblionumber=204256

MARC

LEADER 00000nam2a2200000 4500
001 204256
005 20231101225214.0
010 |a 9785989753710 
035 |a (RuTPU)RU\TPU\book\222619 
090 |a 204256 
100 |a 20111121d2011 k y0rusy50 ca 
101 0 |a rus 
102 |a RU 
105 |a a z 001zy 
200 0 |a Ч.1: История развития технических средств бурения шпуров и уборки породы 
210 |d 2011  
215 |a 380 с.  |c ил. 
320 |a Библиогр.: с. 358-379. 
330 |a В монографии излагаются основные этапы истории технологии буровзрывных работ, её основ, истории развития технических средств бурения и уборки породы. Наибольшее внимание при изложении этой части истории уделяется механическим способам бурения, получившим применение во второй половине XIX века, изменению стечением времени конструкции бурильных машин, кареток, манипуляторов и инструментов, которые производились фирмами различных стран, специализировавшихся на производстве горного оборудования и продолжающих выпускать более совершенные их типы. В книге анализируется влияние на прогресс в технологии изменения конструкции машин и инструментов, включая применение роботов, автоматов. Историю технологии бурения шпуров и скважин автор книги делит на четыре периода, различающихся по качественным и количественным их характеристикам. В разделах книги исследуются этапы дискретного изменения производительности бурения, уборки породы и прослеживаемая через все периоды тенденция облегчения труда бурильщика (оператора), производительность которого, как и проходчика горной выработки, тоннелестроителя, рабочего очистного забоя за 270-летнею историю технологии увеличилась в сотни раз. Монография рекомендуется историкам техники, разработчикам и конструкторам горной техники, специалистам горного машиностроения, горных предприятий и подземного строительства, полезна студентам горных, транспортных и машиностроительных институтов. 
461 1 |0 (RuTPU)RU\TPU\book\222918  |t История технологии буровзрывных работ  |f П. А. Лыхин  |v Ч.1: История развития технических средств бурения шпуров и уборки породы  |d 2011 
606 1 |a Буровзрывные работы  |2 stltpush  |3 (RuTPU)RU\TPU\subj\30498  |9 53601 
610 1 |a горное дело 
610 1 |a исторические процессы 
610 1 |a ручное ударное бурение 
610 1 |a пневматические ударные машины 
610 1 |a электрические ударные перфораторы 
610 1 |a вращательное бурение 
610 1 |a производительность 
610 1 |a интенсивный рост 
610 1 |a технический прогресс 
610 1 |a автоматизация 
610 1 |a бурильные машины 
610 1 |a конструкции 
610 1 |a изменение 
610 1 |a горные породы 
610 1 |a уборка 
610 1 |a транспортирование 
610 1 |a технология 
610 1 |a законы 
610 1 |a процессы 
610 1 |a цикличность 
610 1 |a разрушение взрывом 
610 1 |a перспективы 
675 |a 622.233(09)  |v 3 
801 1 |a RU  |b 63413507  |c 20111121 
801 2 |a RU  |b 63413507  |c 20140603  |g RCR 
942 |c BK